000 00340pab a2200145 454500
008 180718b1999 xxu||||| |||| 00| 0 eng d
100 _aRamachandran, G.
245 _aCollusion in the power sector
260 _c1999
300 _ap.14
362 _a5 Jun
650 _aPower industry
773 _aHindu(Business Line)
909 _a42100
999 _c42100
_d42100